| 000 | 00732nam a2200205 a 4500 | ||
|---|---|---|---|
| 001 | 43821 | ||
| 005 | 20180714022454.0 | ||
| 008 | 140415s1998 000 0 eng d | ||
| 020 | _a1558604286 | ||
| 041 | _aeng | ||
| 082 |
_a004.22 _bHEN |
||
| 100 | 1 | _aHENNESSY, JOHN L. | |
| 245 | 1 | 0 | _aCOMPUTER ORGANIZATION AND DESIGN |
| 250 | _a2a ed. | ||
| 260 |
_a[s.l.] : _bNORMAN KAUFMANN PUBLISHERS, INC., _c1998 |
||
| 300 |
_a759 _cx 19 x 24 |
||
| 520 | _aEL TEXTO DEMUESTRA LA RELACION ENTRE EL SOFTWARE Y EL HARDWARE Y ENFOCADA SOBRE LOS CONCEPTOS PRINCIPALES QUE SON LA BASE PARA EL DISEÑO POR COMPUTADORA . | ||
| 650 | 1 | 4 |
_aINTERFASES _xCOMPUTADORES _xDISEO Y CONSTRUCCIN |
| 700 | 1 |
_aPATTERSON, DAVID A. _ecoaut. |
|
| 999 |
_c43821 _d43821 |
||